Globalizácia, internacionalizácia, koncentrácia - súčasná etapa vývoja obchodu v spojitosti s teóriou gate-keeper
Súčasná etapa vývoja obchodu. Charakteristické črty súčasnej etapy vývoja obchodu - koncentrácia, globalizácia a internacionalizácia. Prejavy globalizácie na úrovni zákazník - obchod - výroba. Teória gate-keeper.
Salvato in:
| Autore principale: | |
|---|---|
| Natura: | Capitolo di libro |
| Lingua: | slovacco |
| Soggetti: | |
| Tags: |
Nessun Tag, puoi essere il primo ad aggiungerne!!
|
MARC
| LEADER | 00000nla$a2200000$$$4500 | ||
|---|---|---|---|
| 001 | 0111949 | ||
| 005 | 20240502083258.3 | ||
| 041 | 0 | |a slo | |
| 044 | |a CZ | ||
| 245 | 1 | 0 | |a Globalizácia, internacionalizácia, koncentrácia - súčasná etapa vývoja obchodu v spojitosti s teóriou gate-keeper |c Lucia Horňáková |
| 520 | |a Súčasná etapa vývoja obchodu. Charakteristické črty súčasnej etapy vývoja obchodu - koncentrácia, globalizácia a internacionalizácia. Prejavy globalizácie na úrovni zákazník - obchod - výroba. Teória gate-keeper. | ||
| 610 | 2 | 0 | |a obchod |
| 610 | 2 | 0 | |a trh |
| 610 | 2 | 0 | |a výroba |
| 610 | 2 | 0 | |a zákazníci |
| 610 | 2 | 0 | |a koncentrácia |
| 610 | 2 | 0 | |a globalizácia |
| 610 | 2 | 0 | |a internacionalizácia |
| 100 | 1 | |a Horňáková, Lucia, 1982- | |